|
|
|
|
| LEADER |
01233nam a2200325Ia 4500 |
| 001 |
EBC348655 |
| 003 |
MiAaPQ |
| 005 |
20200520144314.0 |
| 006 |
m o d | |
| 007 |
cr cn||||||||| |
| 008 |
751010s2008 enk sb 000 0 eng d |
| 020 |
|
|
|z 9781846637742
|
| 035 |
|
|
|a (MiAaPQ)EBC348655
|
| 035 |
|
|
|a (Au-PeEL)EBL348655
|
| 035 |
|
|
|a (CaPaEBR)ebr10229701
|
| 035 |
|
|
|a (OCoLC)237798959
|
| 040 |
|
|
|a MiAaPQ
|c MiAaPQ
|d MiAaPQ
|
| 050 |
|
4 |
|a HG4001
|b .M3631 2008
|
| 245 |
0 |
0 |
|a Managerial finance.
|n Volume 34, Number 1,
|p International financial markets
|h [electronic resource] /
|c Guest editor: Ajay Samant.
|
| 260 |
|
|
|a [Bradford, England] :
|b Emerald,
|c 2008.
|
| 300 |
|
|
|a 69 p.
|
| 490 |
0 |
|
|a Managerial finance ;
|v v. 34, no. 1
|
| 504 |
|
|
|a Includes bibliographical references.
|
| 533 |
|
|
|a Electronic reproduction. Ann Arbor, MI : ProQuest, 2015. Available via World Wide Web. Access may be limited to ProQuest affiliated libraries.
|
| 650 |
|
0 |
|a Business enterprises
|x Finance.
|
| 650 |
|
0 |
|a Corporations
|x Finance.
|
| 655 |
|
4 |
|a Electronic books.
|
| 700 |
1 |
|
|a Samant, Ajay A.,
|d 1959-
|
| 710 |
2 |
|
|a ProQuest (Firm)
|
| 856 |
4 |
0 |
|u https://ebookcentral.proquest.com/lib/matrademy/detail.action?docID=348655
|z Click to View
|